Marc normatiu municipal en l'àmbit educatiu /
Descripción Física:
45 pàgines ; 15 x 21 cm
Colección:
Guies de política educativa local
; 7
Materias:
Escoles -- Dret i legislació -- (Catalunya)
; Serveis municipals -- (Catalunya) -- Direcció i administració
; Fulletons
Idioma:
Catalán
MARC
| LEADER | 00000nam a22000007a 4500 | ||
|---|---|---|---|
| 001 | 27593 | ||
| 003 | Arxiu | ||
| 005 | 20260324181157.0 | ||
| 008 | 230327b spa||||| |||| 00| 0 cat d | ||
| 017 | |a B 12117-2022 | ||
| 040 | |a agdb |b cat | ||
| 100 | |9 2157 |a Izquierdo Monzón, Eva |e textos | ||
| 245 | |a Marc normatiu municipal en l'àmbit educatiu / |c Textos Eva Izquierdo Monzón ; Coordinació tècnica Gerència de Serveis d'Educació | ||
| 250 | |a Primera edició |b Maig 2022 | ||
| 260 | |a Barcelona : |b Diputació de Barcelona. Gerència de Serveis d'Educació ; |c 2022 | ||
| 300 | |a 45 pàgines ; |c 15 x 21 cm | ||
| 490 | |a Guies de política educativa local |v 7 | ||
| 650 | 0 | |a Escoles |x Dret i legislació |z (Catalunya) |9 56186 | |
| 650 | 0 | |2 Arxiu |a Serveis municipals |z (Catalunya) |x Direcció i administració | |
| 655 | 0 | |a Fulletons |9 55858 | |
| 710 | |9 52167 |a Barcelona (Catalunya : Província). |b Gerència de Serveis d'Educació |e coordinació tècnica | ||
| 856 | |u https://llibreria.diba.cat/cat/ebook/marc-normatiu-municipal-en-l-ambit-educatiu_67017 |y Accés lliure (llibreria de la Diputació de Barcelona) | ||
| 942 | |2 udc |c ARXIU |n 1 | ||
| 952 | |0 0 |1 0 |2 udc |4 0 |6 FU74202 |7 1 |9 65811 |a Arxiu |b Arxiu |d 2023-03-27 |l 0 |o FU-74-202 |p 27593 |r 2023-03-27 00:00:00 |w 2023-03-27 |y ARXIU | ||
| 999 | |c 83256 |d 83256 | ||